Carmen (Registo nº 52170)

Detalhes MARC
000 -Etiqueta do registo
campo de controlo de comprimento fixo 009300000a22002650004500
001 - Identificador do registo
Campo de controlo 52170
010 ## - ISBN
Número (ISBN) 978-989-554-743-2
021 ## - Nº depósito legal
Código do país Portugal
Número 313894/10
100 ## - Dados Gerais de Proc.
Dados gerais de processamento 20180416d2018 k y0pory5003 ba
101 0# - Língua da publicação
Língua do texto, banda sonora, etc. Português
102 ## - País de Publicação
País de publicação Portugal
200 1# - Título
Título próprio Carmen
Primeira menção de responsabilidade Prosper Mérimée
Outras menções de responsabilidade trad. Maria Dias
210 ## - Publicação, Distribuição
Lugar da edição, distribuição, etc. Matosinhos
Nome do editor, distribuidor, etc. Quidnovi
Data da publicação, distribuição, etc. d.l. 2010
215 ## - Descrição física
Descrição física 94 p.
Dimensões 20 cm
225 2# - Colecção
Título próprio da colecção Biblioteca de verão
606 ## - Nome comum
Elemento de entrada Literatura francesa
Subdivisão de assunto Conto
675 ## - CDU
Notação 821.133.1-31
Edição BN
Língua da edição Português
700 #1 - Responsabilidade principal
Palavra de ordem Merimée
Outra parte do nome Prosper
Datas 1803-1870
702 #1 - Responsabilidade secundária
Koha Internal Code 17197
Código de função Tradutor
Palavra de ordem Dias
Outra parte do nome Maria
801 ## - Fonte de origem
País Portugal
Data da última transacção 20180416
856 ## - Localização e acesso electrónico
URL <a href="https://fr.wikipedia.org/wiki/Prosper_M%C3%A9rim%C3%A9e">https://fr.wikipedia.org/wiki/Prosper_M%C3%A9rim%C3%A9e</a>
Nota para informação ao público mais informação
859 ## - Imagem da capa
Uniform Resource Location (URL) https://esconderijodoslivros.pt/wp-content/uploads/2017/08/Prosper-M%C3%A9rim%C3%A9e-Carmen.jpg
Nota informativa capa
090 ## - Números de controlo do sistema (Koha)
Número biblioitem do Koha (gerado automaticamente) 52170
942 ## - Elementos de entrada adicionados (Koha)
Tipo de item no Koha Monografias
Suprimido Disponível no OPAC
999 ## - Campo local
Campo local 52170
-- Bibliobase - BEBDPPC
-- 2019-01-21
Exemplares
Removido (estado) Perdido (estado) Data de aquisição Origem do registo (biblioteca) (codificado) Código da organização que empresta ou é detentora (biblioteca) Código de barras Número de inventário Cota Tipo de circulação (não pode ser emprestado) Tipo de item e material
Disponível Disponível 2018-04-16 Biblioteca EB23 D. Paio Peres Correia Biblioteca EB23 D. Paio Peres Correia BEBDPPC7651 7651 82.03-31 BIB Normal Monografias